[Event "Sudeste/Centro-Oeste-ch U1600"]
[Site "Barbacena"]
[Date "2019.10.27"]
[Round "5"]
[White "Barbosa, Otavio Santos"]
[Black "Da Silva, Wesley Jose Dias"]
[Result "0-1"]
[WhiteElo "1473"]
[BlackElo "1800"]
[PlyCount "144"]
[EventDate "2019.10.25"]
[EventType "swiss"]
[EventRounds "6"]
[EventCountry "BRA"]
[SourceTitle "CBM 193 Extra"]
[Source "ChessBase"]
[SourceDate "2020.01.31"]
[SourceVersion "1"]
[SourceVersionDate "2020.01.31"]
[SourceQuality "1"]

1. d4 Nf6 2. Bf4 g6 3. Nf3 Bg7 4. e3 0-0 5. Bd3 d6 6. c4 Nc6 7. a3 e5 8. dxe5 Nh5 9. Bg5 Qe8 10. exd6 cxd6 11. Qc2 Bg4 12. Nbd2 h6 13. Bh4 Nf4 14. 0-0 Nxd3 15. Qxd3 Bxb2 16. Rab1 Ne5 17. Nxe5 Bxe5 18. h3 Bc8 19. Qd5 g5 20. Bg3 Bxg3 21. fxg3 Qxe3+ 22. Kh2 Be6 23. Rf3 Bxd5 24. Rxe3 Bc6 25. Ne4 Rad8 26. Rd1 Bxe4 27. Rxe4 Rd7 28. h4 Kg7 29. Rd5 Kf6 30. Kh3 Rc8 31. g4 Rc5 32. hxg5+ hxg5 33. Rd2 b5 34. cxb5 Rxb5 35. Re3 d5 36. Rg3 a5 37. Rd4 Re7 38. Rc3 Ke5 39. Rd1 d4 40. Rf3 Rd5 41. a4 Rb7 42. Re1+ Kd6 43. Rf6+ Kc7 44. Rxf7+ Kb8 45. Rf2 Rb4 46. Rf7 Rd8 47. Re5 d3 48. Rf1 Rxa4 49. Rb1+ Rb4 50. Rd1 a4 51. Rxg5 d2 52. Ra5 Rc4 53. Rb1+ Kc7 54. Ra7+ Kc6 55. Ra6+ Kc5 56. Rd1 Rc1 57. Rxd2 Rxd2 58. Rxa4 Rc3+ 59. Kh2 Rcc2 60. Kh3 Rxg2 61. Kh4 Rc4 62. Rxc4+ Kxc4 63. Kg5 Kd5 64. Kf5 Rf2+ 65. Kg6 Ke6 66. g5 Rh2 67. Kg7 Kf5 68. g6 Rg2 69. Kh7 Rxg6 70. Kh8 Kf6 71. Kh7 Kf7 72. Kh8 Rh6# 0-1

[Event "Sudeste/Centro-Oeste-ch U1600"]
[Site "Barbacena"]
[Date "2019.10.27"]
[Round "6"]
[White "Da Silva, Wesley Jose Dias"]
[Black "Coutinho, Marco de Castro"]
[Result "0-1"]
[WhiteElo "1800"]
[BlackElo "1687"]
[PlyCount "76"]
[EventDate "2019.10.25"]
[EventType "swiss"]
[EventRounds "6"]
[EventCountry "BRA"]
[SourceTitle "CBM 193 Extra"]
[Source "ChessBase"]
[SourceDate "2020.01.31"]
[SourceVersion "1"]
[SourceVersionDate "2020.01.31"]
[SourceQuality "1"]

1. c4 Nf6 2. Nf3 g6 3. Nc3 d5 4. cxd5 Nxd5 5. e4 Nxc3 6. bxc3 Bg7 7. d4 0-0 8. Be3 c5 9. Rc1 cxd4 10. cxd4 Nc6 11. Be2 Qa5+ 12. Qd2 Qxd2+ 13. Kxd2 Bg4 14. d5 Bxf3 15. Bxf3 Ne5 16. Be2 Rfc8 17. f4 Nd7 18. Rxc8+ Rxc8 19. Rc1 Rxc1 20. Kxc1 b6 21. a4 Nc5 22. Bxc5 bxc5 23. e5 g5 24. g3 gxf4 25. gxf4 Bh6 26. d6 Bxf4+ 27. Kc2 exd6 28. exd6 Bxd6 29. h3 f5 30. Kd3 Kf7 31. Kc4 Ke6 32. a5 Ke5 33. Kb5 Kd4 34. Ka6 Bc7 35. Kb5 Ke3 36. Bc4 f4 37. Kxc5 Bxa5 38. Bd5 f3 0-1

[Event "Sudeste/Centro-Oeste-ch U1600"]
[Site "Barbacena"]
[Date "2019.10.25"]
[Round "1"]
[White "Da Silva, Wesley Jose Dias"]
[Black "De Sousa E Silva, Luis Gonzaga"]
[Result "1-0"]
[WhiteElo "1800"]
[BlackElo "1309"]
[PlyCount "99"]
[EventDate "2019.10.25"]
[EventType "swiss"]
[EventRounds "6"]
[EventCountry "BRA"]
[SourceTitle "CBM 193 Extra"]
[Source "ChessBase"]
[SourceDate "2020.01.31"]
[SourceVersion "1"]
[SourceVersionDate "2020.01.31"]
[SourceQuality "1"]

1. c4 g6 2. Nc3 Bg7 3. e4 d6 4. d4 Nf6 5. f3 0-0 6. Be3 Nbd7 7. Qd2 e5 8. d5 Ne8 9. g4 Ndf6 10. Be2 Nd7 11. h4 Kh8 12. h5 gxh5 13. Rxh5 Nef6 14. Rh2 Ng8 15. Nh3 f6 16. 0-0-0 a6 17. Rdh1 Rf7 18. Ng5 Nh6 19. Nxf7+ Nxf7 20. Rxh7+ Kg8 21. Bf1 Qe8 22. Qh2 Nf8 23. Rh5 Ng6 24. Bd3 b6 25. Bc2 Bd7 26. Ne2 a5 27. Ng3 Ba4 28. b3 Bd7 29. Nf5 Bxf5 30. gxf5 Ngh8 31. Rg1 Rd8 32. Rh7 Qf8 33. Rgxg7+ Qxg7 34. Rxg7+ Kxg7 35. Qg3+ Kf8 36. f4 Ke7 37. fxe5 Nxe5 38. Qg7+ Nhf7 39. Bf2 Nf3 40. Bd1 N3e5 41. Bh4 Nd7 42. Bh5 Rf8 43. a3 Ke8 44. Bxf6 Nc5 45. b4 axb4 46. axb4 Nd3+ 47. Kd2 Nxb4 48. Bxf7+ Rxf7 49. Qg8+ Rf8 50. Qe6# 1-0